Регіоналізм у європейських інтеграційних процесах (Запис № 342857)

МАРК-запис
000 -LEADER
fixed length control field 01605nam a22002657a 4500
001 - CONTROL NUMBER
control field 56775
003 - CONTROL NUMBER IDENTIFIER
control field UA-OsUOA
005 - DATE AND TIME OF LATEST TRANSACTION
control field 20230504161256.0
007 - PHYSICAL DESCRIPTION FIXED FIELD--GENERAL INFORMATION
fixed length control field ta
008 - FIXED-LENGTH DATA ELEMENTS--GENERAL INFORMATION
fixed length control field 20081110b un ||||| |||| 00| 0 ukr d
020 ## - INTERNATIONAL STANDARD BOOK NUMBER
International Standard Book Number 9663463058
040 ## - CATALOGING SOURCE
Original cataloging agency UA-OsUOA
Language of cataloging ukr
Transcribing agency UA-OsUOA
Modifying agency UA-OsUOA
041 ## - LANGUAGE CODE
Language code of text/sound track or separate title ukr
080 ## - UNIVERSAL DECIMAL CLASSIFICATION NUMBER
Universal Decimal Classification number 323.174(4)
090 ## - LOCALLY ASSIGNED LC-TYPE CALL NUMBER (OCLC); LOCAL CALL NUMBER (OCLC)
Classification number (OCLC) (R) ; Classification number, CALL (RLIN) (NR) 323.174(4)
Local cutter number (OCLC) ; Book number/undivided call number, CALL (RLIN) К17
100 ## - MAIN ENTRY--PERSONAL NAME
Personal name Калитчак Р.
245 ## - TITLE STATEMENT
Title Регіоналізм у європейських інтеграційних процесах
260 ## - PUBLICATION, DISTRIBUTION, ETC. (IMPRINT)
Place of publication, distribution, etc К.
Name of publisher, distributor, etc Знання
Date of publication, distribution, etc 2007
300 ## - PHYSICAL DESCRIPTION
Extent 303 с.
520 ## - SUMMARY, ETC.
Summary, etc Проаналізовано особливості трактування поняття “ре­гіон”, розкрито сутність регіоналізму засобами політичної науки, систематизовано і класифіковано концептуально- теоретичні підходи та практичні політичні форми реаліза­ції регіоналізму. Визначено теоретичні засади європейсь­кого регіоналізму і детально розглянуто його інституційний вимір. Проаналізовано розвиток регіоналізму на тлі європейських інтеграційних процесів на прикладі Італійської Республіки.
650 #7 - SUBJECT ADDED ENTRY--TOPICAL TERM
Topical term or geographic name as entry element 32 Політика
Source of heading or term UDC
942 ## - ADDED ENTRY ELEMENTS (KOHA)
Koha item type Книги
Source of classification or shelving scheme Universal Decimal Classification
955 ## - COPY-LEVEL INFORMATION (RLIN)
Classification number, CCAL (RLIN) Навчальні видання
Фонди
Withdrawn status Lost status Source of classification or shelving scheme Damaged status Not for loan Home library Current library Date acquired Source of acquisition Cost, normal purchase price Inventory number Total Checkouts Full call number Barcode Date last seen Price effective from Koha item type
    Universal Decimal Classification     ЧЗ - Читальна зала ЧЗ - Читальна зала 10/11/2008 150/2008 66.00 116824   323.174(4) К17 116824 07/02/2022 10/11/2008 Книги
    Universal Decimal Classification     ЧЗ - Читальна зала ЧЗ - Читальна зала 10/11/2008 150/2008 66.00 116825   323.174(4) К17 116825 07/02/2022 10/11/2008 Книги
    Universal Decimal Classification     ЧЗ - Читальна зала ЧЗ - Читальна зала 19/06/2009 95/2009 40.00 121566   323.174(4) К17 121566 06/02/2022 10/11/2008 Книги
    Universal Decimal Classification     ЧЗ - Читальна зала ЧЗ - Читальна зала 02/03/2011 24/2011 51.00 131115   323.174(4) К17 131115 06/02/2022 10/11/2008 Книги
    Universal Decimal Classification     ЧЗ - Читальна зала ЧЗ - Читальна зала 22/11/2011 124/2011 86.00 134809   323.174(4) К17 134809 07/02/2022 10/11/2008 Книги
    Universal Decimal Classification     ЧЗ - Читальна зала ЧЗ - Читальна зала 19/01/2009 12/2009 57.60 118394   323.174(4) К17 118394 06/02/2022 19/01/2009 Книги